States of Niger - Statistics

General Stats
  • This quiz has been taken 61 times
  • The average score is 4 of 8
Answer Stats
State % Correct
Niamey
100%
Agadez
71%
Zinder
59%
Dosso
47%
Maradi
41%
Tahoua
35%
Tillaberi
35%
Diffa
29%
No matching quizzes found
Score Distribution
Percent of People with Each Score
Percentile by Number Answered
Your Score History
You have not taken this quiz